Deutsche Baukunst Eine Einführung

Podrobná bibliografia
Hlavný autor: Piltz, Georg (Autor)
Médium: Kniha
Jazyk:neznámy jazyk
Fyzický popis:397 s.
Vydavateľské údaje: Berlin Neues Leben 1959

MARC

LEADER 00000nam a2200000 a 4500
001 vtls001277129
003 SK-MaSNL
005 20260301064641.0
008 240313s1959 xx 0 und
035 |a SNK000228392 
040 |a SNK  |b slo  |c SNK  |e AACR2 
100 1 |a Piltz, Georg  |4 aut  |9 382274 
245 1 |a Deutsche Baukunst  |b Eine Einführung 
260 |a Berlin  |b Neues Leben  |c 1959 
300 |a 397 s. 
999 |c 627704  |d 629634 
952 |t P60, <04>, [BOOK], {604}  |a SNK  |b SNK  |y VYP  |7 0  |p 17A0039454  |o snkIC 25655  |0 0  |1 0  |4 0  |d 1997-02-22  |l 0  |r 2005-01-02 00:00:00  |w 2026-02-23